000 00600nam a2200193Ia 4500
003 GCL
008 140319s9999 xx 000 0 ara d
040 _aGCL /
_cGCL
082 0 4 _a811.062
_bع م
100 1 _aعزت شندى موسى
245 1 0 _aمع الله ورسوله /
_cعزت شندى موسى
260 _a[S.N] :
_bالهيئة المصرية العامة للكتاب ،
_c1987
300 _a297 ص
490 _aبطولات اسلامية
_v0
650 0 4 _aالشعر العربى
650 0 4 _aالادب العربى
650 0 4 _aالشعر الدينى
942 _2ddc
_cBK
999 _c30084
_d30084